01518nam a2200397 a 4500001001200000003000800012006001900020007001500039008004100054010001700095015001900112016001800131020003300149020003600182040002100218035002100239041001300260043001200273050002600285082001800311130002600329245010500355260005800460300002900518504007300547533015200620546003100772650006000803650003000863650001800893655002900911700002000940710001700960856012600977999001701103ebr10271531CaPaEBRm u cr cn|||||||||060822s2007 enkb sb 001 0 eng  z 2006027157 aGBA6918002bnb7 z0135895842Uk z0192832425 (acid-free paper) z9780192832429 (acid-free paper) aCaPaEBRcCaPaEBR a(OCoLC)2526850231 aenghwel ae-uk-wl14aPB2363.M2bD38 2007eb04a891.6/6312220 aMabinogion.lEnglish.14aThe Mabinogionh[electronic resource] /ctranslated with an introduction and notes by Sioned Davies. aOxford ;aNew York :bOxford University Press,c2007. axxxviii, 293 p. :bmaps. aIncludes bibliographical references (p. [xxxv]-xxxviii) and indexes. aElectronic reproduction.bPalo Alto, Calif. :cebrary,d2013.nAvailable via World Wide Web.nAccess may be limited to ebrary affiliated libraries. aTranslated from the Welsh. 0aWelsh literaturey1100-1400vTranslations into English. 0aMythology, CelticzWales. 0aTaleszWales. 7aElectronic books.2local1 aDavies, Sioned.2 aebrary, Inc.40uhttp://site.ebrary.com/lib/rucke/Doc?id=10271531zAn electronic book accessible through the World Wide Web; click to view c22231d22231